000 00656nam a2200253Ia 4500
005 20260429111847.0
008 260429s9999||||xx |||||||||||||| ||und||
020 _a9789358994353
041 _aEnglish
082 _a634
_bPAR
100 _aParthasarathy, S.
245 0 _aPests and diseases in fruit crops /
_cS. Parthasarathy
250 _a1st ed.
260 _aNew Delhi :
_bElite Publishing House,
_c2024.
300 _a264 p.; hb
650 _a Diseases
650 _a Fruit crops
650 _a Pests
650 _aAgriculture
700 _a Gopalakrishnan, C.
700 _a Lakshmidevi, P.
700 _a Yasodha, P.
942 _cTB
999 _c51177
_d51177